00516nam a2200145 a 45000010005000000030005000050050017000100080041000270400020000682450110000882600060001983000011002586100058002697100043003274270CDMR20131011165749.0130130s1989||||||||||||||||||||||||||||d aCDMRbcatcCDMR 0aCrónicas fundacionales de la FAPEb: 75 años de la Asociación de la Prensa de Cantabria (1914-1989) aSantanderc1989bAsociación de la Prensa de Cantabria a109 p.2 aFederación de Asociaciones de la Prensa de España2 aAsociación de la Prensa de Cantabria